[Event "Pere Noel"]
[Site "Montreal CAN"]
[Date "2012.12.29"]
[Round "4.12"]
[White "Zhang, Zhiyuan"]
[Black "Chang, Michael"]
[Result "0-1"]
[WhiteElo "2013"]
[BlackElo "1775"]
[PlyCount "104"]
[GameId "2160767909411075"]
[EventDate "2012.12.26"]
[EventType "swiss"]
[EventRounds "5"]
[EventCountry "CAN"]
[SourceTitle "EXT 2022"]
[Source "ChessBase"]
[SourceDate "2021.10.06"]
[SourceVersion "1"]
[SourceVersionDate "2021.10.06"]
[SourceQuality "1"]

1. d4 Nf6 2. Nf3 g6 3. Nc3 Bg7 4. e4 d6 5. h3 O-O 6. Be3 c6 7. a4 Nbd7 8. Be2 Re8 9. e5 dxe5 10. dxe5 Nd5 11. Nxd5 cxd5 12. Qxd5 Nxe5 13. Qxd8 Rxd8 14. O-O Be6 15. Nxe5 Bxe5 16. Rad1 b6 17. b3 Bf5 18. Bd3 Bxd3 19. Rxd3 Rxd3 20. cxd3 Rc8 21. Rc1 Rxc1+ 22. Bxc1 Bd4 23. Be3 Bxe3 24. fxe3 e5 25. Kf2 Kf8 26. Ke2 Ke7 27. Kd2 Kd6 28. Kc3 f5 29. Kc4 a6 30. h4 h6 31. b4 g5 32. hxg5 hxg5 33. e4 f4 34. d4 g4 35. Kd3 exd4 36. Kxd4 Ke6 37. e5 f3 38. gxf3 gxf3 39. Ke3 Kxe5 40. Kxf3 Kd4 41. b5 axb5 42. axb5 Kc4 43. Ke4 Kxb5 44. Kd3 Kb4 45. Kc2 Ka3 46. Kc3 b5 47. Kc2 b4 48. Kb1 Kb3 49. Kc1 Ka2 50. Kc2 b3+ 51. Kc1 b2+ 52. Kc2 b1=Q+ 0-1

[Event "Pere Noel"]
[Site "Montreal CAN"]
[Date "2012.12.29"]
[Round "4.15"]
[White "Sprumont, Oscar"]
[Black "Robichaud, Louis"]
[Result "1/2-1/2"]
[WhiteElo "1954"]
[BlackElo "2102"]
[PlyCount "51"]
[GameId "2160767909411079"]
[EventDate "2012.12.26"]
[EventType "swiss"]
[EventRounds "5"]
[EventCountry "CAN"]
[SourceTitle "EXT 2022"]
[Source "ChessBase"]
[SourceDate "2021.10.06"]
[SourceVersion "1"]
[SourceVersionDate "2021.10.06"]
[SourceQuality "1"]

1. e4 e5 2. Nf3 Nc6 3. Bc4 Bc5 4. c3 Nf6 5. b4 Bb6 6. d3 d6 7. a4 a6 8. O-O O-O 9. Nbd2 h6 10. Bb3 Be6 11. Nc4 Ba7 12. Be3 b5 13. Ncd2 Bxe3 14. fxe3 d5 15. exd5 Nxd5 16. Bxd5 Qxd5 17. Ne4 a5 18. axb5 Qxb5 19. bxa5 Rxa5 20. Rxa5 Qxa5 21. Qa1 Ra8 22. Qxa5 Rxa5 23. Rb1 f5 24. Ned2 Ra3 25. Rb7 Rxc3 26. Rxc7 1/2-1/2

[Event "Pere Noel"]
[Site "Montreal CAN"]
[Date "2012.12.30"]
[Round "5.1"]
[White "Sambuev, Bator"]
[Black "Castaneda Jimenez, Jhon David"]
[Result "1-0"]
[WhiteElo "2579"]
[BlackElo "2126"]
[PlyCount "83"]
[GameId "2160767909411081"]
[EventDate "2012.12.26"]
[EventType "swiss"]
[EventRounds "5"]
[EventCountry "CAN"]
[SourceTitle "EXT 2022"]
[Source "ChessBase"]
[SourceDate "2021.10.06"]
[SourceVersion "1"]
[SourceVersionDate "2021.10.06"]
[SourceQuality "1"]

1. d4 Nf6 2. c4 g6 3. Nc3 Bg7 4. e4 d6 5. Nf3 O-O 6. Be2 Bg4 7. Be3 Nfd7 8. Ng1 Bxe2 9. Ngxe2 c5 10. O-O Nc6 11. Rc1 a6 12. b3 Rb8 13. d5 Na5 14. a4 Nf6 15. Qc2 Ne8 16. Bd2 b6 17. f4 Nc7 18. Nd1 Nb7 19. Bc3 b5 20. Bxg7 Kxg7 21. a5 Kg8 22. Ra1 Qd7 23. Ne3 f6 24. Qc3 e5 25. dxe6 Qxe6 26. Ng3 Rbe8 27. Rae1 b4 28. Qa1 Qd7 29. f5 Kg7 30. Ng4 Qe7 31. Qc1 Nxa5 32. fxg6 hxg6 33. Qh6+ Kg8 34. Qxg6+ Qg7 35. Qh5 Qh7 36. Nxf6+ Rxf6 37. Qxh7+ Kxh7 38. Rxf6 Ne6 39. Nf5 Nxb3 40. Re3 Nbd4 41. Rh3+ Kg8 42. Rg3+ 1-0

[Event "Pere Noel"]
[Site "Montreal CAN"]
[Date "2012.12.30"]
[Round "5.2"]
[White "Leveille, Francois"]
[Black "Voskanyan, Vahagn"]
[Result "1/2-1/2"]
[WhiteElo "2329"]
[BlackElo "2214"]
[PlyCount "163"]
[GameId "2160767909411082"]
[EventDate "2012.12.26"]
[EventType "swiss"]
[EventRounds "5"]
[EventCountry "CAN"]
[SourceTitle "EXT 2022"]
[Source "ChessBase"]
[SourceDate "2021.10.06"]
[SourceVersion "1"]
[SourceVersionDate "2021.10.06"]
[SourceQuality "1"]

1. e4 c5 2. Nf3 e6 3. d4 cxd4 4. Nxd4 a6 5. Nc3 Qc7 6. g3 Nf6 7. Bg2 Nc6 8. O-O Be7 9. Re1 d6 10. Nxc6 bxc6 11. e5 dxe5 12. Rxe5 O-O 13. Re1 e5 14. Qe2 Bd6 15. Bg5 Ne8 16. Qc4 Rb8 17. Rab1 c5 18. a3 Qa5 19. Red1 h6 20. Be3 Be6 21. Qh4 Qc7 22. Qa4 Bc8 23. Qc6 Qe7 24. Ne4 Bb7 25. Qa4 Qc7 26. Qc4 Rc8 27. Rd2 Be7 28. Rbd1 Bxe4 29. Qxe4 Nf6 30. Qc4 Qa5 31. c3 Qb5 32. Bf1 Qxc4 33. Bxc4 a5 34. h3 Rb8 35. a4 Rb7 36. Ba6 Rc7 37. Bb5 Rfc8 38. Kg2 Kf8 39. f4 exf4 40. Bxf4 Ra7 41. Kf3 Kg8 42. Bd6 Kf8 43. Bxe7+ Kxe7 44. Re2+ Kf8 45. Rd6 h5 46. g4 hxg4+ 47. hxg4 Ng8 48. Red2 Nf6 49. g5 Nh7 50. Kf4 Ke7 51. Rd7+ Rxd7 52. Rxd7+ Ke6 53. Ra7 Nf8 54. Bc4+ Kd6 55. Rxf7 Ng6+ 56. Kf5 Ne5 57. Ba6 Ra8 58. Bb7 Rg8 59. g6 Nxf7 60. gxf7 g6+ 61. Kf6 Rb8 62. Ba6 g5 63. Be2 Ra8 64. Kxg5 Ke7 65. Bc4 Rb8 66. b3 Rd8 67. Kf5 Rd2 68. Ke4 Rd1 69. Bd5 Rd2 70. Bc4 Rd1 71. Ke5 Rd2 72. Bd5 Rd1 73. f8=Q+ Kxf8 74. Kd6 Rd3 75. Kxc5 Rxc3+ 76. Bc4 Ke7 77. Kb5 Kd6 78. Kxa5 Kc5 79. Ka6 Rc1 80. Kb7 Kb4 81. Kc6 Ra1 82. Kb6 1/2-1/2

[Event "Pere Noel"]
[Site "Montreal CAN"]
[Date "2012.12.30"]
[Round "5.3"]
[White "Poulin, Mathieu"]
[Black "Masse, Hugues"]
[Result "0-1"]
[WhiteElo "2015"]
[BlackElo "2201"]
[PlyCount "138"]
[GameId "2160767909411083"]
[EventDate "2012.12.26"]
[EventType "swiss"]
[EventRounds "5"]
[EventCountry "CAN"]
[SourceTitle "EXT 2022"]
[Source "ChessBase"]
[SourceDate "2021.10.06"]
[SourceVersion "1"]
[SourceVersionDate "2021.10.06"]
[SourceQuality "1"]

1. d4 Nf6 2. c4 g6 3. Nc3 d5 4. cxd5 Nxd5 5. e3 Bg7 6. Bc4 Nb6 7. Bd3 O-O 8. Nf3 c5 9. dxc5 N6d7 10. Ne4 Nxc5 11. Nxc5 Qa5+ 12. Bd2 Qxc5 13. Rc1 Qd6 14. Bc3 Nc6 15. O-O Rd8 16. Bxg7 Kxg7 17. Bc4 Qf6 18. Qc2 Bf5 19. Qc3 Qxc3 20. Rxc3 Be4 21. Ng5 Bd5 22. Bxd5 Rxd5 23. Nf3 Rad8 24. g3 e5 25. Rc4 f6 26. Kg2 Kf7 27. b4 R8d7 28. a4 Ke6 29. h4 Rd1 30. h5 Rxf1 31. Kxf1 Ne7 32. hxg6 hxg6 33. Ke2 Nd5 34. Ne1 Nb6 35. Rg4 Nxa4 36. Rxg6 Nc3+ 37. Kf1 Kf5 38. Rg8 Na2 39. Ra8 b6 40. Nc2 Rc7 41. Na3 Nxb4 42. Nb5 Rc1+ 43. Ke2 Rc2+ 44. Kf3 a6 45. g4+ Ke6 46. Rb8 axb5 47. Rxb6+ Ke7 48. Rxb5 Nd3 49. Ke4 Nc5+ 50. Kd5 Ne6 51. Rb7+ Rc7 52. Rb6 Rc5+ 53. Ke4 Rc4+ 54. Kd5 Rc5+ 55. Ke4 Rc2 56. f4 exf4 57. exf4 Rc4+ 58. Ke3 Nxf4 59. Rb5 Ne6 60. Rb7+ Rc7 61. Rb6 Kf7 62. Ke4 Rc4+ 63. Kf3 Ng5+ 64. Kg3 Rc3+ 65. Kg2 Kg6 66. Rb5 Ne4 67. Rb4 Rg3+ 68. Kh2 Rxg4 69. Kh3 Nf2+ 0-1

[Event "Pere Noel"]
[Site "Montreal CAN"]
[Date "2012.12.30"]
[Round "5.4"]
[White "Larochelle, Martial"]
[Black "Yu, Zong Yang"]
[Result "1/2-1/2"]
[WhiteElo "2212"]
[BlackElo "2107"]
[PlyCount "122"]
[GameId "2160767909411084"]
[EventDate "2012.12.26"]
[EventType "swiss"]
[EventRounds "5"]
[EventCountry "CAN"]
[SourceTitle "EXT 2022"]
[Source "ChessBase"]
[SourceDate "2021.10.06"]
[SourceVersion "1"]
[SourceVersionDate "2021.10.06"]
[SourceQuality "1"]

1. c4 Nf6 2. d4 d6 3. Nf3 Nbd7 4. Nc3 e5 5. e4 Be7 6. Be2 O-O 7. O-O c6 8. Rb1 a5 9. b3 Re8 10. Re1 Qc7 11. Bf1 Nf8 12. h3 Ne6 13. Be3 Nd7 14. Qd2 Bf6 15. Rbd1 c5 16. Nd5 Qd8 17. dxc5 dxc5 18. Qc1 Nd4 19. Nxd4 cxd4 20. Bd2 b6 21. f4 Bh4 22. Re2 Nc5 23. fxe5 d3 24. Re3 Bg5 25. Rf3 Bxd2 26. Qxd2 Rxe5 27. Bxd3 Bb7 28. Qf4 f6 29. Bc2 Kh8 30. Rg3 Qd6 31. Nc3 Qb8 32. Re3 Qe8 33. Rd6 Qe7 34. Rd2 Re8 35. Nd5 Qd6 36. Rf3 Nxe4 37. Bxe4 Qc5+ 38. Rff2 Rxe4 39. Qc7 Qxc7 40. Nxc7 Rc8 41. Rd6 Kg8 42. Nd5 b5 43. cxb5 Kf8 44. Rd7 Rb8 45. Nc3 Re7 46. Rfd2 Ke8 47. Rxe7+ Kxe7 48. Nd5+ Kf7 49. Nf4 Bc8 50. Rd8 Ke7 51. Rh8 h6 52. a4 Kd6 53. Nh5 Kc5 54. Nxg7 Kb4 55. Rxh6 Kxb3 56. Rh4 Bd7 57. Rd4 Bxb5 58. axb5 a4 59. Nh5 f5 60. g4 fxg4 61. hxg4 Rxb5 1/2-1/2

[Event "Pere Noel"]
[Site "Montreal CAN"]
[Date "2012.12.30"]
[Round "5.5"]
[White "Luksza, Arkadiusz"]
[Black "Zhu, Hong Rui"]
[Result "0-1"]
[WhiteElo "2152"]
[BlackElo "2079"]
[PlyCount "82"]
[GameId "2160767909411085"]
[EventDate "2012.12.26"]
[EventType "swiss"]
[EventRounds "5"]
[EventCountry "CAN"]
[SourceTitle "EXT 2022"]
[Source "ChessBase"]
[SourceDate "2021.10.06"]
[SourceVersion "1"]
[SourceVersionDate "2021.10.06"]
[SourceQuality "1"]

1. d4 d5 2. c4 e6 3. Nc3 Be7 4. Nf3 Nf6 5. Bg5 O-O 6. e3 Nbd7 7. Rc1 a6 8. cxd5 exd5 9. Bd3 c6 10. O-O Re8 11. Qc2 Nf8 12. Ne5 Ng4 13. Bf4 Nxe5 14. Bxe5 Bd6 15. Bg3 Bxg3 16. hxg3 Qg5 17. Rfe1 f5 18. Na4 g6 19. b4 Ne6 20. Qc3 h5 21. Nc5 Re7 22. Be2 h4 23. gxh4 Qxh4 24. g3 Qh3 25. Bf1 Qh5 26. Nxe6 Bxe6 27. Bg2 Rh7 28. Qd3 Kf7 29. Qd1 Qh2+ 30. Kf1 g5 31. a4 Rh6 32. Rc2 f4 33. Qf3 Rf6 34. exf4 gxf4 35. g4 Qh4 36. Qh3 Qxh3 37. Bxh3 f3 38. Rxe6 Rxe6 39. g5 Re4 40. Rc3 Rf4 41. b5 Rh8 0-1

[Event "Pere Noel"]
[Site "Montreal CAN"]
[Date "2012.12.30"]
[Round "5.7"]
[White "Chang, Michael"]
[Black "Lopez Linares, Lizandro"]
[Result "0-1"]
[WhiteElo "1775"]
[BlackElo "2092"]
[PlyCount "78"]
[GameId "2160767909411088"]
[EventDate "2012.12.26"]
[EventType "swiss"]
[EventRounds "5"]
[EventCountry "CAN"]
[SourceTitle "EXT 2022"]
[Source "ChessBase"]
[SourceDate "2021.10.06"]
[SourceVersion "1"]
[SourceVersionDate "2021.10.06"]
[SourceQuality "1"]

1. e4 e6 2. d4 d5 3. e5 c5 4. c3 Nc6 5. Nf3 Bd7 6. a3 a5 7. Be2 Qb6 8. O-O a4 9. Re1 Nh6 10. c4 cxd4 11. cxd5 exd5 12. Bxh6 gxh6 13. Qd2 Bg7 14. Bd3 O-O 15. Bc2 f5 16. e6 Be8 17. Bd3 Bg6 18. Nh4 Rae8 19. Qc2 Ne5 20. e7 Rxe7 21. f4 Nc6 22. Nd2 Re4 23. Kh1 Rfe8 24. Nxe4 fxe4 25. Nxg6 hxg6 26. Qf2 Qb3 27. Bf1 Rf8 28. g3 d3 29. Rab1 Nd4 30. Bg2 Nc2 31. Red1 Bd4 32. Qd2 Ne3 33. Re1 Nxg2 34. Kxg2 e3 35. Qd1 d2 36. Re2 Qd3 37. b3 Qe4+ 38. Kg1 Rc8 39. bxa4 Qxb1 0-1

[Event "Pere Noel"]
[Site "Montreal CAN"]
[Date "2012.12.30"]
[Round "5.8"]
[White "Gueorguiev, Valentin"]
[Black "Moore, Ronald"]
[Result "0-1"]
[WhiteElo "1946"]
[BlackElo "1673"]
[PlyCount "84"]
[GameId "2160767909411089"]
[EventDate "2012.12.26"]
[EventType "swiss"]
[EventRounds "5"]
[EventCountry "CAN"]
[SourceTitle "EXT 2022"]
[Source "ChessBase"]
[SourceDate "2021.10.06"]
[SourceVersion "1"]
[SourceVersionDate "2021.10.06"]
[SourceQuality "1"]

1. d4 f5 2. g3 Nf6 3. Bg2 d5 4. c4 e6 5. Nc3 c6 6. Nf3 Bd6 7. Qb3 O-O 8. O-O Qe8 9. Bg5 Nbd7 10. Rad1 h6 11. Bxf6 Nxf6 12. a4 Qh5 13. a5 g5 14. cxd5 exd5 15. Rfe1 Kg7 16. a6 Rb8 17. axb7 Rxb7 18. Qa4 Bd7 19. Qa6 Rc7 20. Qa5 Rb7 21. Qa6 Rc7 22. Rc1 Bc8 23. Qa4 f4 24. Ne5 fxg3 25. hxg3 Bxe5 26. dxe5 Ng4 27. Nd1 Qh2+ 28. Kf1 Qxg3 29. Qd4 Rf4 30. e6+ Kg8 31. e7 Rxe7 32. Rxc6 Ne3+ 33. Qxe3 Rxe3 34. Rxc8+ Kg7 35. Kg1 Qh4 36. Rc7+ Kf6 37. Rxa7 Rb3 38. Ra6+ Ke5 39. Rf1 d4 40. Ra4 Rg4 41. f3 Rf4 42. Ra5+ Kd6 0-1

[Event "Pere Noel"]
[Site "Montreal CAN"]
[Date "2012.12.30"]
[Round "5.10"]
[White "Mathews, Theo"]
[Black "Sun, Mike"]
[Result "0-1"]
[WhiteElo "1564"]
[BlackElo "1979"]
[PlyCount "86"]
[GameId "2160767909411091"]
[EventDate "2012.12.26"]
[EventType "swiss"]
[EventRounds "5"]
[EventCountry "CAN"]
[SourceTitle "EXT 2022"]
[Source "ChessBase"]
[SourceDate "2021.10.06"]
[SourceVersion "1"]
[SourceVersionDate "2021.10.06"]
[SourceQuality "1"]

1. d4 g6 2. c4 Bg7 3. Nc3 c5 4. Nf3 cxd4 5. Nxd4 Nc6 6. Nxc6 bxc6 7. e4 d6 8. Be2 Nf6 9. O-O O-O 10. Be3 Bb7 11. Qd2 Qc7 12. Bh6 Bxh6 13. Qxh6 d5 14. cxd5 cxd5 15. exd5 Nxd5 16. Nxd5 Bxd5 17. Rac1 Qe5 18. Rc3 Rac8 19. Rh3 Qg7 20. Qxg7+ Kxg7 21. Re3 e6 22. a3 Rc2 23. b4 Rfc8 24. f3 Ra2 25. Re1 Rcc2 26. Bf1 f5 27. R1e2 Rxe2 28. Bxe2 f4 29. Rc3 Rxe2 30. Rc7+ Kf6 31. Rxa7 Ra2 32. b5 Bc4 33. g3 fxg3 34. hxg3 Bxb5 35. Ra5 Bc6 36. g4 g5 37. Ra7 Bxf3 38. Rxh7 Rxa3 39. Rh6+ Ke5 40. Rh3 Ra1+ 41. Kf2 Bxg4 42. Re3+ Kf5 43. Kg3 Bh5 0-1

[Event "Pere Noel"]
[Site "Montreal CAN"]
[Date "2012.12.30"]
[Round "5.11"]
[White "Nikulich, Oleksandr"]
[Black "Perna-Fraser, David"]
[Result "1-0"]
[WhiteElo "1918"]
[BlackElo "1818"]
[PlyCount "77"]
[GameId "2160767909411092"]
[EventDate "2012.12.26"]
[EventType "swiss"]
[EventRounds "5"]
[EventCountry "CAN"]
[SourceTitle "EXT 2022"]
[Source "ChessBase"]
[SourceDate "2021.10.06"]
[SourceVersion "1"]
[SourceVersionDate "2021.10.06"]
[SourceQuality "1"]

1. Nf3 d5 2. c4 e6 3. b3 Nf6 4. Bb2 Nbd7 5. d4 c6 6. g3 Bd6 7. Bg2 O-O 8. Nbd2 Re8 9. O-O Nf8 10. Re1 Ng6 11. e4 Nxe4 12. Nxe4 dxe4 13. Rxe4 f5 14. Re2 Qc7 15. Qe1 Bd7 16. Rd1 a5 17. Kh1 Bb4 18. Bc3 Bxc3 19. Qxc3 Re7 20. Rde1 Rae8 21. Ne5 Nh8 22. c5 Nf7 23. Nc4 Ra8 24. Nb6 Rae8 25. d5 e5 26. d6 Nxd6 27. cxd6 Qxd6 28. Rd2 Qc7 29. Nd5 Qb8 30. Nxe7+ Rxe7 31. Red1 Qc7 32. Rd5 e4 33. Qxa5 b6 34. Qc3 Qa7 35. Rd6 Qxa2 36. Qc4+ Kf8 37. Rxd7 Rxd7 38. Rxd7 Qb1+ 39. Bf1 1-0

[Event "Pere Noel"]
[Site "Montreal CAN"]
[Date "2012.12.30"]
[Round "5.12"]
[White "Nardone, Raul"]
[Black "Zhang, Zhiyuan"]
[Result "1-0"]
[WhiteElo "1759"]
[BlackElo "2013"]
[PlyCount "63"]
[GameId "2160767909411093"]
[EventDate "2012.12.26"]
[EventType "swiss"]
[EventRounds "5"]
[EventCountry "CAN"]
[SourceTitle "EXT 2022"]
[Source "ChessBase"]
[SourceDate "2021.10.06"]
[SourceVersion "1"]
[SourceVersionDate "2021.10.06"]
[SourceQuality "1"]

1. d4 d5 2. Nf3 Nf6 3. Bg5 Ne4 4. Bh4 c5 5. e3 Qb6 6. Nbd2 Nxd2 7. Qxd2 Nc6 8. c3 cxd4 9. exd4 Bf5 10. Be2 e6 11. O-O Bd6 12. Bg3 Bxg3 13. hxg3 O-O 14. Nh4 Bg6 15. Nxg6 hxg6 16. f4 Qc7 17. Bd3 Ne7 18. g4 Qd7 19. Qe2 Rab8 20. Rae1 b5 21. f5 gxf5 22. gxf5 Nxf5 23. g4 Nd6 24. Qh2 g6 25. Re3 e5 26. Rh3 Qxg4+ 27. Kh1 f6 28. Rg3 Qe6 29. Bxg6 Qe7 30. Be8+ Qg7 31. Rxg7+ Kxg7 32. Rg1# 1-0

[Event "Pere Noel"]
[Site "Montreal CAN"]
[Date "2012.12.30"]
[Round "5.14"]
[White "Pilotte, Benoit"]
[Black "Sprumont, Oscar"]
[Result "1/2-1/2"]
[WhiteElo "1829"]
[BlackElo "1954"]
[PlyCount "66"]
[GameId "2160767909411095"]
[EventDate "2012.12.26"]
[EventType "swiss"]
[EventRounds "5"]
[EventCountry "CAN"]
[SourceTitle "EXT 2022"]
[Source "ChessBase"]
[SourceDate "2021.10.06"]
[SourceVersion "1"]
[SourceVersionDate "2021.10.06"]
[SourceQuality "1"]

1. g4 d5 2. Bg2 e6 3. Nf3 c5 4. d3 Nc6 5. Bf4 Bd6 6. Bxd6 Qxd6 7. h3 Nge7 8. Nbd2 b6 9. c4 Bb7 10. a3 Ng6 11. e3 O-O 12. O-O Rfd8 13. cxd5 Qxd5 14. d4 cxd4 15. Nxd4 Qd7 16. N2f3 Nxd4 17. Qxd4 Qc6 18. Rac1 Rxd4 19. Rxc6 Bxc6 20. Nxd4 Bxg2 21. Kxg2 Rc8 22. Nb5 Rc2 23. Nxa7 Rxb2 24. Rd1 Rb3 25. Rd8+ Nf8 26. Nc8 f6 27. a4 Rb4 28. Rd6 Rxa4 29. Rxb6 Kf7 30. Rb7+ Kg6 31. Ne7+ Kh6 32. f4 g5 33. f5 Kg7 1/2-1/2

[Event "Pere Noel U1500"]
[Site "Montreal CAN"]
[Date "2012.12.26"]
[Round "1.34"]
[White "Demers, Claude"]
[Black "Leblanc-Legault, Mathieu"]
[Result "1/2-1/2"]
[WhiteElo "1200"]
[BlackElo "1474"]
[PlyCount "121"]
[GameId "2160767909411096"]
[EventDate "2012.12.26"]
[EventType "swiss"]
[EventRounds "5"]
[EventCountry "CAN"]
[SourceTitle "hb 2012"]

1. d4 c6 2. c4 d5 3. Nf3 Nf6 4. Nc3 e6 5. Qc2 a6 6. a3 dxc4 7. e4 b5 8. Bg5 Be7 9. Be2 Nbd7 10. O-O Bb7 11. h3 Qc7 12. Nd2 Nb6 13. Bf3 O-O-O 14. Be3 Rd7 15. Rac1 c5 16. Ne2 Rhd8 17. e5 Nfd5 18. Qxh7 Nxe3 19. Bxb7+ Kxb7 20. fxe3 cxd4 21. exd4 Bg5 22. Rc2 Bxd2 23. Rxd2 g6 24. Qh4 Nd5 25. Rc1 Qc6 26. b3 Ne3 27. Qg5 Nf5 28. bxc4 bxc4 29. Qg4 Qd5 30. Rb1+ Ka7 31. Nc3 Qa5 32. Qf3 Rb8 33. Rxb8 Kxb8 34. Rb2+ Ka7 35. Qc6 Qc7 36. Qa4 Nxd4 37. Rd2 Nf3+ 38. gxf3 Qc5+ 39. Kf1 Rxd2 40. Ne4 Qd4 41. Nxd2 Qxd2 42. Qxc4 Kb7 43. Qe4+ Qd5 44. Qxd5+ exd5 45. f4 Kc6 46. h4 d4 47. f5 Kd7 48. Ke2 Ke7 49. Kd3 gxf5 50. Kxd4 f6 51. h5 f4 52. exf6+ Kxf6 53. h6 f3 54. h7 Kg7 55. h8=Q+ Kxh8 56. Ke3 Kg7 57. Kxf3 Kf6 58. Kf4 Ke6 59. Ke4 Kd6 60. Kd4 Kc6 61. Kc4 1/2-1/2

[Event "Pere Noel U1500"]
[Site "Montreal CAN"]
[Date "2012.12.26"]
[Round "1.35"]
[White "Liu, Yu Qing"]
[Black "Charbonneau, Olivier"]
[Result "1-0"]
[WhiteElo "1432"]
[BlackElo "1173"]
[PlyCount "75"]
[GameId "2160767909411097"]
[EventDate "2012.12.26"]
[EventType "swiss"]
[EventRounds "5"]
[EventCountry "CAN"]
[SourceTitle "hb 2012"]

1. e4 c6 2. d4 d5 3. exd5 cxd5 4. c4 Nf6 5. Nc3 Nc6 6. Nf3 Bg4 7. Be3 e6 8. a3 Be7 9. h3 Bh5 10. Be2 O-O 11. Qc2 dxc4 12. Rd1 Nd5 13. Bc1 Bg6 14. Qd2 Bf6 15. Bxc4 Nb6 16. Bb5 Qd7 17. Qe2 Rfd8 18. Ne5 Bxe5 19. dxe5 Nd5 20. Nxd5 exd5 21. f4 Be4 22. O-O a6 23. Bd3 Qf5 24. g4 Bxd3 25. Qxd3 Qxd3 26. Rxd3 d4 27. b4 Rd5 28. Bb2 Rad8 29. Rfd1 b5 30. g5 Kf8 31. Kf2 Ke7 32. Kf3 f5 33. exf6+ gxf6 34. gxf6+ Kxf6 35. Ke4 h6 36. Rc1 R8d6 37. Rxc6 Ke6 38. Rxd6+ 1-0

[Event "Pere Noel U1500"]
[Site "Montreal CAN"]
[Date "2012.12.26"]
[Round "1.36"]
[White "Tinica, Gabriel"]
[Black "Raduica, Gheorghe"]
[Result "0-1"]
[WhiteElo "1146"]
[BlackElo "1415"]
[PlyCount "40"]
[GameId "2160767909411098"]
[EventDate "2012.12.26"]
[EventType "swiss"]
[EventRounds "5"]
[EventCountry "CAN"]
[SourceTitle "hb 2012"]

1. d4 d5 2. c4 Nc6 3. e3 Nf6 4. Nf3 Bg4 5. cxd5 Qxd5 6. Nc3 Qa5 7. a3 O-O-O 8. Bb5 Nb4 9. O-O Nbd5 10. Nxd5 Rxd5 11. Bc4 Bxf3 12. Qxf3 Rf5 13. Qe2 e6 14. e4 Nxe4 15. Qxe4 Bd6 16. b4 Bxh2+ 17. Kxh2 Rh5+ 18. Kg1 Qb6 19. Be3 Qd6 20. Rad1 Qh2# 0-1

[Event "Pere Noel U1500"]
[Site "Montreal CAN"]
[Date "2012.12.26"]
[Round "1.37"]
[White "Saint-Cyr, Xavier"]
[Black "Tinica, Sabina"]
[Result "1-0"]
[WhiteElo "1350"]
[BlackElo "1106"]
[PlyCount "71"]
[GameId "2160767909411099"]
[EventDate "2012.12.26"]
[EventType "swiss"]
[EventRounds "5"]
[EventCountry "CAN"]
[SourceTitle "hb 2012"]

1. e4 c5 2. Nf3 d6 3. d4 cxd4 4. Nxd4 Nf6 5. Nc3 g6 6. Be3 Bg7 7. f3 O-O 8. Qd2 Bd7 9. Be2 a6 10. O-O-O b5 11. g4 b4 12. Nb1 a5 13. h4 Nc6 14. h5 Nxd4 15. Bxd4 b3 16. axb3 a4 17. bxa4 Rxa4 18. Qc3 Qc8 19. hxg6 fxg6 20. g5 Qxc3 21. Nxc3 Ra1+ 22. Kd2 Rxd1+ 23. Rxd1 Nh5 24. Bxg7 Kxg7 25. Ke3 Nf4 26. Nd5 Nxd5+ 27. Rxd5 Rb8 28. b3 Be6 29. Rb5 Ra8 30. Rb7 Kf7 31. b4 Ra2 32. Bd3 Rb2 33. Rb8 Ba2 34. b5 Bb1 35. Bc4+ Kg7 36. Rg8# 1-0

[Event "Pere Noel U1500"]
[Site "Montreal CAN"]
[Date "2012.12.26"]
[Round "1.38"]
[White "Grandmaison, Real"]
[Black "Breton, Jules"]
[Result "0-1"]
[WhiteElo "1092"]
[BlackElo "1346"]
[PlyCount "116"]
[GameId "2160767909411100"]
[EventDate "2012.12.26"]
[EventType "swiss"]
[EventRounds "5"]
[EventCountry "CAN"]
[SourceTitle "hb 2012"]

1. d4 d5 2. Nf3 e6 3. c4 Bb4+ 4. Bd2 c5 5. e3 Ne7 6. a3 Bxd2+ 7. Qxd2 cxd4 8. exd4 O-O 9. c5 Nbc6 10. b4 a6 11. Bd3 b5 12. Nc3 Qc7 13. O-O Ng6 14. g3 e5 15. dxe5 Ncxe5 16. Nxe5 Nxe5 17. Kg2 Bb7 18. Ne2 d4+ 19. f3 Rad8 20. Be4 Nc4 21. Qf4 Ne3+ 22. Kh1 Qxf4 23. gxf4 Bxe4 24. fxe4 Nxf1 25. Rxf1 Rfe8 26. Ng3 d3 27. Kg2 h5 28. h4 g6 29. Kf3 d2 30. Ke2 Rd4 31. c6 Rc8 32. Rd1 Rxc6 33. Rxd2 Rdc4 34. f5 Rc3 35. Kf2 Rxa3 36. fxg6 Rf6+ 37. Nf5 fxg6 38. Rd8+ Kf7 39. Rd7+ Ke8 40. Re7+ Kf8 41. Re5 gxf5 42. exf5 Rb3 43. Rd5 Rxb4 44. Rd8+ Ke7 45. Rd5 Rf4+ 46. Kg3 R4xf5 47. Rxf5 Rxf5 48. Kh3 Rf4 49. Kg3 Rg4+ 50. Kh3 Kf6 51. Kh2 Rxh4+ 52. Kg2 Kf5 53. Kg3 Rg4+ 54. Kh3 Kf4 55. Kh2 Rg3 56. Kh1 Kf3 57. Kh2 Kf2 58. Kh1 Rh3# 0-1

[Event "Pere Noel U1500"]
[Site "Montreal CAN"]
[Date "2012.12.26"]
[Round "1.39"]
[White "Yip, Mattew"]
[Black "Lallier, Jean-Francois"]
[Result "1-0"]
[WhiteElo "1339"]
[BlackElo "1087"]
[PlyCount "127"]
[GameId "2160767909411101"]
[EventDate "2012.12.26"]
[EventType "swiss"]
[EventRounds "5"]
[EventCountry "CAN"]
[SourceTitle "hb 2012"]

1. d4 d5 2. c4 e6 3. Nc3 Nf6 4. Nf3 c5 5. Bg5 Be7 6. e3 h6 7. Bh4 O-O 8. Bd3 Nc6 9. O-O Nb4 10. Be2 Ne4 11. Bxe7 Qxe7 12. a3 Nxc3 13. bxc3 Nc6 14. Re1 b6 15. Qb3 Na5 16. Qa2 Ba6 17. cxd5 Bxe2 18. Rxe2 exd5 19. Qxd5 Rad8 20. Qa2 cxd4 21. cxd4 Rc8 22. Rc2 Rxc2 23. Qxc2 Qe6 24. Rc1 Qb3 25. Qxb3 Nxb3 26. Rc7 a5 27. Rb7 Rc8 28. g3 Rc1+ 29. Kg2 Ra1 30. Rxb6 a4 31. d5 Rxa3 32. d6 Nc5 33. Rb8+ Kh7 34. Ne5 Rb3 35. Rc8 Ne6 36. d7 a3 37. d8=Q Nxd8 38. Rxd8 a2 39. Ra8 Rb2 40. Nxf7 Kg6 41. Ne5+ Kf6 42. Nd3 Rd2 43. Nb4 g5 44. Rxa2 Rxa2 45. Nxa2 Ke5 46. f4+ gxf4 47. gxf4+ Kf5 48. Nc3 h5 49. Kf3 Ke6 50. e4 Kf6 51. e5+ Kf5 52. Ne4 h4 53. Nd6+ Ke6 54. Ke4 Ke7 55. f5 h3 56. Kd5 Kd7 57. f6 Kd8 58. Ke6 Kc7 59. f7 Kd8 60. f8=Q+ Kc7 61. Qc8+ Kb6 62. Qc4 Ka7 63. Qb5 Ka8 64. Qb7# 1-0